| 000 | 00516nam a2200193Ia 4500 | ||
|---|---|---|---|
| 005 | 20250512111544.0 | ||
| 008 | 241212s9999 xx 000 0 und d | ||
| 020 |
_a9780367370817 _qpbk |
||
| 041 | _aeng | ||
| 082 |
_a305.48896 _bVIT |
||
| 100 | _aVittoria, Anne | ||
| 245 | 0 |
_aWomen Of Color In A World Apart / _cVittoria, Anne |
|
| 250 | _aFirst edition | ||
| 260 |
_bRoutledge, _c2021 |
||
| 300 |
_a161.p _c22.cm |
||
| 504 | _aBib and Ref | ||
| 650 | _aambience and conflicts, ethic of care | ||
| 942 | _cREF | ||
| 999 |
_c566160 _d566160 |
||